<?xml version="1.0" encoding="UTF-8"?>
<collection xmlns="http://www.loc.gov/MARC21/slim">
 <record>
  <leader>04472ntm a22005057i 4500</leader>
  <controlfield tag="001">000311930</controlfield>
  <controlfield tag="003">CZ-PrVSE</controlfield>
  <controlfield tag="005">20160924182522.0</controlfield>
  <controlfield tag="006">m        d</controlfield>
  <controlfield tag="007">cr n||||||||||</controlfield>
  <controlfield tag="008">160924s2016    xr     fsbm   000 0 cze d</controlfield>
  <datafield tag="STA" ind1=" " ind2=" ">
   <subfield code="a">NEZPRACOVANÝ IMPORT</subfield>
  </datafield>
  <datafield tag="040" ind1=" " ind2=" ">
   <subfield code="a">ABA006</subfield>
   <subfield code="b">cze</subfield>
   <subfield code="c">ABA006</subfield>
   <subfield code="d">ABA006</subfield>
   <subfield code="e">rda</subfield>
  </datafield>
  <datafield tag="100" ind1="1" ind2=" ">
   <subfield code="a">Valentová, Petra</subfield>
   <subfield code="7">jx20060811001</subfield>
   <subfield code="4">dis</subfield>
  </datafield>
  <datafield tag="242" ind1="1" ind2="0">
   <subfield code="a">Currciculum of foreign language for special purpose at universities with economic focus – the theory and practice</subfield>
   <subfield code="y">eng</subfield>
  </datafield>
  <datafield tag="245" ind1="1" ind2="0">
   <subfield code="a">Kurikulum odborné němčiny na vysoké škole ekonomického zaměření -- teorie a praxe /</subfield>
   <subfield code="c">Petra Jeřábková</subfield>
  </datafield>
  <datafield tag="264" ind1=" " ind2="0">
   <subfield code="c">2016</subfield>
  </datafield>
  <datafield tag="300" ind1=" " ind2=" ">
   <subfield code="a">?? s. :</subfield>
   <subfield code="3">digital, PDF soubor</subfield>
  </datafield>
  <datafield tag="500" ind1=" " ind2=" ">
   <subfield code="a">Vedoucí práce: Vlasta Hlavičková</subfield>
  </datafield>
  <datafield tag="502" ind1=" " ind2=" ">
   <subfield code="a">Disertační práce (Ph.D.)—Vysoká škola ekonomická v Praze. Fakulta financí a účetnictví, 2016</subfield>
  </datafield>
  <datafield tag="504" ind1=" " ind2=" ">
   <subfield code="a">Obsahuje bibliografii</subfield>
  </datafield>
  <datafield tag="516" ind1=" " ind2=" ">
   <subfield code="a">Textový (vysokoškolská kvalifikační práce)</subfield>
  </datafield>
  <datafield tag="518" ind1=" " ind2=" ">
   <subfield code="a">Rok obhajoby 2016</subfield>
  </datafield>
  <datafield tag="520" ind1="3" ind2=" ">
   <subfield code="a">Znalosti cizích jazyků byly vždy nedílnou součástí vzdělání a součástí duševního bohatství každého člověka. V současné době se však stávají i jednou z podmínek pro uplatnění a úspěch absolventů vysokých škol na trhu práce, jehož předpokladem je správně sestavené kurikulum cizího odborného jazyka jak v jeho části kultivační, tak v části kvalifikační. Cílem této disertační práce je na jedné straně prozkoumání signifikantních rysů naší současnosti, které mají vliv zejména na kultivační složku kurikula, a na druhé straně prozkoumání požadavků praxe, jež determinují jeho složku kvalifikační. Ze syntézy závěrů obou částí formulujeme doporučení pro sestavování kurikula odborného cizího jazyka pro vysoké školy ekonomického zaměření na konkrétním případu kurikula odborné němčiny na Vysoké škole ekonomické v Praze. V teoretické části práce definujeme pojem kurikulum a zabýváme se kurikulem z hlediska synchronního i diachronního. Hermeneutickým přístupem zkoumáme jeho společenské determinanty. Dále se zabýváme současnými problémy speciálních didaktik, které se dotýkají řešeného problému: didaktiky terciárního vzdělávání, didaktiky cizích jazyků, didaktiky německého jazyka a didaktiky odborné němčiny. V závěru teoretické části věnujeme prostor jazykové politice v českém a evropském kontextu a shrnujeme dosavadní stav řešení našeho výzkumného problému. Ve výzkumné části se zabýváme kvalifikační částí kurikula prostřednictvím empirického výzkumu absolventů VŠE zaměřeného na analýzu současných nároků trhu práce na znalost německého jazyka a srovnáním těchto požadavků se současným kurikulem NJ na VŠE. Ve výzkumu je ověřeno, zda je úroveň znalostí absolventů pro praxi dostatečná a přináší-li jim konkurenční výhodu na trhu práce, jaké činnosti v NJ vykonávaj</subfield>
  </datafield>
  <datafield tag="520" ind1="8" ind2=" ">
   <subfield code="a">Závěry výzkumu jsou porovnány se současným kurikulem, jak je zachyceno v profilu absolventa v sylabech jednotlivých předmětů a v učebnicích, které jsou ve výuce v současné době používány. Z obou kroků usuzujeme na oprávněnost a charakter změn kurikula. Na výzkumnou část navazují konkrétní návrhy na inovaci kurikula, přičemž zohledňujeme poznatky části teoretické i výzkumné.</subfield>
  </datafield>
  <datafield tag="538" ind1=" " ind2=" ">
   <subfield code="a">Způsob přístupu: Internet</subfield>
  </datafield>
  <datafield tag="653" ind1="0" ind2=" ">
   <subfield code="a">teorie vyučování ekonomických předmětů [obor disert. práce]</subfield>
  </datafield>
  <datafield tag="655" ind1=" " ind2="7">
   <subfield code="a">disertace</subfield>
   <subfield code="7">fd132024</subfield>
   <subfield code="2">czenas</subfield>
  </datafield>
  <datafield tag="655" ind1=" " ind2="9">
   <subfield code="a">dissertations</subfield>
   <subfield code="2">eczenas</subfield>
  </datafield>
  <datafield tag="690" ind1=" " ind2=" ">
   <subfield code="a">didaktika odborného jazyka</subfield>
  </datafield>
  <datafield tag="690" ind1=" " ind2=" ">
   <subfield code="a">hospodářská němčina</subfield>
  </datafield>
  <datafield tag="690" ind1=" " ind2=" ">
   <subfield code="a">kurikulum</subfield>
  </datafield>
  <datafield tag="700" ind1="1" ind2=" ">
   <subfield code="a">Hlavičková, Vlasta,</subfield>
   <subfield code="d">1943-</subfield>
   <subfield code="7">mzk2003188921</subfield>
   <subfield code="4">ths</subfield>
  </datafield>
  <datafield tag="700" ind1="1" ind2=" ">
   <subfield code="a">Höppnerová, Věra</subfield>
   <subfield code="4">opn</subfield>
  </datafield>
  <datafield tag="710" ind1="2" ind2=" ">
   <subfield code="a">Vysoká škola ekonomická v Praze.</subfield>
   <subfield code="b">Fakulta financí a účetnictví</subfield>
   <subfield code="7">kn20010709398</subfield>
   <subfield code="4">dgg</subfield>
  </datafield>
  <datafield tag="856" ind1="4" ind2="0">
   <subfield code="u">https://insis.vse.cz/zp/58232/podrobnosti</subfield>
   <subfield code="y">VŠKP v InSIS</subfield>
  </datafield>
  <datafield tag="856" ind1="4" ind2="0">
   <subfield code="u">https://insis.vse.cz/zp/58232</subfield>
   <subfield code="y">Hlavní práce</subfield>
  </datafield>
  <datafield tag="856" ind1="4" ind2="0">
   <subfield code="u">https://insis.vse.cz/zp/58232/posudek/oponent/49161</subfield>
   <subfield code="y">Oponentura</subfield>
  </datafield>
  <datafield tag="856" ind1="4" ind2="0">
   <subfield code="u">https://insis.vse.cz/zp/58232/posudek/oponent/49162</subfield>
   <subfield code="y">Oponentura</subfield>
  </datafield>
  <datafield tag="999" ind1="4" ind2="0">
   <subfield code="u">https://insis.vse.cz/zp/58232/podrobnosti</subfield>
   <subfield code="y">dc:identifier</subfield>
  </datafield>
  <datafield tag="993" ind1=" " ind2=" ">
   <subfield code="x">NEPOSILAT</subfield>
   <subfield code="y">VSKP</subfield>
  </datafield>
  <datafield tag="999" ind1="4" ind2="9">
   <subfield code="a">vse58232</subfield>
   <subfield code="b">160920</subfield>
  </datafield>
  <datafield tag="999" ind1="4" ind2="5">
   <subfield code="x">58232</subfield>
  </datafield>
 </record>
</collection>
